Cereal Mascots Quiz Stats

 Plays Quiz Updated Jun 17, 2018

Score 0/16 Timer 06:00
10 Plays Today
% Correct
Tony the Tiger
95.4%
Cap'n Crunch
91%
Pop
90.5%
Snap
90.3%
Crackle
89.8%
L.C. Leprechaun
80.8%
Count Chocula
76.2%
Trix Rabbit
72.4%
% Correct
Toucan Sam
59.8%
Frankenberry
42.7%
Boo Berry
31.5%
Dig 'Em
17.1%
Buzz
16.6%
Sugar Bear
15.4%
Sonny
7.9%
Quisp
7.5%

You're not logged in!

Compare scores with friends on all Sporcle quizzes.
OR
Log In

Sporcle TV

Today on Sporcle TV


Watch our educational content, quiz creation guides, and fun videos on Sporcle TV.

Show Comments

Extras

Top Quizzes Today


Score Distribution

Your Account Isn't Verified!

In order to create a playlist on Sporcle, you need to verify the email address you used during registration. Go to your Sporcle Settings to finish the process.

Report this User

Report this user for behavior that violates our Community Guidelines.

Details: